មិត្តលាទាំងពីរ : (Record no. 8087)

MARC details
000 -LEADER
fixed length control field 02419nam a22003017a 4500
001 - CONTROL NUMBER
control field 8087
003 - CONTROL NUMBER IDENTIFIER
control field FISKH
005 - DATE AND TIME OF LATEST TRANSACTION
control field 20250822105416.0
008 - FIXED-LENGTH DATA ELEMENTS--GENERAL INFORMATION
fixed length control field 250822b cb ||||| |||| 00| 0 eng d
020 ## - INTERNATIONAL STANDARD BOOK NUMBER
International Standard Book Number 9789996325540
040 ## - CATALOGING SOURCE
Original cataloging agency FISKH
Language of cataloging khr
Transcribing agency FISKH
Modifying agency FISKH
050 ## - LIBRARY OF CONGRESS CALL NUMBER
Classification number PZ7
082 ## - DEWEY DECIMAL CLASSIFICATION NUMBER
Classification number 590
100 ## - MAIN ENTRY--PERSONAL NAME
Personal name San, Thai
245 ## - TITLE STATEMENT
Title មិត្តលាទាំងពីរ :
Remainder of title The two donkey friends /
Statement of responsibility, etc. វិចិត្រកររូបភាព លោក ថៃ សាន ,​ អ្នករៀបរៀង លោក ហៃ ប៉ាហុិន
260 ## - PUBLICATION, DISTRIBUTION, ETC.
Place of publication, distribution, etc. Phnom Penh :
Name of publisher, distributor, etc. Book World ,
Date of publication, distribution, etc. 2012.
300 ## - PHYSICAL DESCRIPTION
Extent 15 pages :
Other physical details color illustrations ;
Dimensions 25 cm .
505 ## - FORMATTED CONTENTS NOTE
Formatted contents note M <br/>
520 ## - SUMMARY, ETC.
Summary, etc. ពូសុខចិញ្ចឺមលាឈ្មោលពីរក្បាល ពួកវារស់នៅជាមួយគ្នាក្នុងទ្រុងតែមួយហាក់ដូចជាបងប្អូនភ្លោះ​។​ ក្រោយពីដឺងថាម្ចាស់វាបម្រុងនឺងយកវាទៅធ្វើការនៅផ្ទះដង្ខៅ វាក៏ប្រឺងធ្វើការរហូតធ្លាក់ខ្លួនឈី ។​ ដោយខ្លាចលាទាំងពីរងាប់គាត់ក៏សម្រេចចិត្តលក់វាអោយទៅអ្នកលក់សាច់សត្វ ។​ក្រោយមកពូសុខក៏នឺកស្តាយកំហុសមិនគួរណាបំបែកបំបាក់សុភមង្គលដែលពួកវាធ្លាប់មានជាមួយគ្នា។​
520 ## - SUMMARY, ETC.
Summary, etc. Uncle Sok raised two donkeys with one comb. They lived together in the same cage as if they were twin brothers. Later, when he noticed that one of them was no longer strong enough to work at the charcoal house, he kept trying to make it work until it collapsed from exhaustion.<br/><br/>Afraid that both might die, he decided to sell them to a butcher. Afterwards, Uncle Sok deeply regretted his mistake, realizing he should not have destroyed the happiness they once shared together.
521 8# - TARGET AUDIENCE NOTE
Target audience note 550 <br/>
Source Lexile estimate <br/>
521 8# - TARGET AUDIENCE NOTE
Target audience note M <br/>
Source Raz-Plus <br/>
650 ## - SUBJECT ADDED ENTRY--TOPICAL TERM
Topical term or geographic name entry element មិត្តលាទាំងពីរ
650 ## - SUBJECT ADDED ENTRY--TOPICAL TERM
Topical term or geographic name entry element The two donkey friends
700 ## - ADDED ENTRY--PERSONAL NAME
Personal name Pahen, Hay
Relator term Writter
942 ## - ADDED ENTRY ELEMENTS (KOHA)
Source of classification or shelving scheme Dewey Decimal Classification
Koha item type Khmer Books
Suppress in OPAC No
Holdings
Withdrawn status Lost status Source of classification or shelving scheme Damaged status Not for loan Collection Home library Current library Shelving location Date acquired Total Checkouts Full call number Barcode Date last seen Price effective from Koha item type
    Dewey Decimal Classification     Khmer-English Bilingual / ភាសាខ្មែរ-អង់គ្លេស Footprints International School Library Network Toul Tom Poung Campus Footprints International School Library Network Toul Tom Poung Campus TTP Primary Khmer Bookshelves 08/22/2025   SAN PZ7 590 2025-4206 08/22/2025 08/22/2025 Khmer Books